| 000 | 02042nam0a2200361 4500 | ||
|---|---|---|---|
| 001 | RU\NLR\bibl\48501 | ||
| 005 | 20260407044510.0 | ||
| 010 |
_a5-86700-010-9 _9100 |
||
| 021 |
_aRU _b99-26612 _91292 |
||
| 035 | _a(NLR Aleph) 000047336 | ||
| 090 |
_a251612 _c251612 |
||
| 100 | _a19990921d1999 |||y0rusy50 ca | ||
| 101 | 0 | _arus | |
| 102 | _aRU | ||
| 105 | _ay ||||||||| | ||
| 200 | 1 |
_aГосударственный образовательный стандарт высшего профессионального образования "Менеджмент спортивного туризма".Третий уровень профессионального образования.Проект _eМатериалы науч.-практ. конф. "Перспективы развития туризма в Юго-Вост. Подмосковье", 5 февр. 1999 г. _f[Сост. А.В. Квартальнов и др.] |
|
| 210 |
_aМ. _cИзд-во РМАТ _d1999 |
||
| 215 |
_a48 с. _d20 |
||
| 300 | _aВ надзаг.: Рос. междунар. акад. туризма | ||
| 320 | _aБиблиогр.: с. 48 | ||
| 606 | 1 |
_aТуризм _xУправление _xКадры _xПодготовка _92300122 _3RU\NLR\AUTH\6601603717 |
|
| 606 | 1 |
_aВысшее образование в области физической культуры, спорта и туризма _xОбразовательные стандарты _yРоссийская Федерация _92575772 _3RU\NLR\AUTH\661522964 |
|
| 686 | 1 | _aЧ518.14(2Р)к | |
| 686 | 1 | _aЧ489.531.211 | |
| 702 | 1 |
_aКвартальнов _bА. В. _4220 |
|
| 711 | 1 | 2 |
_4070 _a"Перспективы развития туризма в Юго-Восточном Подмосковье", научно-практическая конференция _eМосква _f1999 _9532091 _3RU\NLR\AUTH\8810017122 |
| 801 | 0 |
_aRU _bNLR _c19990921 _gPSBO |
|
| 801 | 1 |
_aRU _bNLR _c19990921 |
|
| 852 |
_aNLR _j99-4/6090 |
||
| 942 | _cBOOK | ||
| 980 | _aNB | ||